00917cam a22002775a 45000010009000000050017000090080041000260100017000670200018000840250023001020400013001250420010001380430012001481000020001602450066001802500012002462600047002583000021003054900031003265000032003575040051003899060045004409420012004859990017004979520125005141609558920170105102917.0100218s2010 pk b 001 0 eng  a 2010341195 a9780195479126 aP-E-2010341195; 28 aDLCcDLC alcode aa-pk---1 aAmin, Shahid M.10aPakistan's foreign policy :ba reappraisal /cShahid M. Amin. a2nd ed. aKarachi :bOxford University Press,c2010. a356 p. ;c21 cm.0 aOxford Pakistan paperbacks aPreviously published: 2000. aIncludes bibliographical references and index. a7bibccorigoded3encipf20gy-gencatlg 2ddccBK c15392d15392 001040708NFICaCIPSbCIPScGENd2013-10-02l1o327.5491 AMI 2010pCIPS0002452r2023-12-27s2023-09-07w2013-11-29yBK